000 00488nam a2200217Ia 4500
001 12895
003 GE_BSU
008 181216s||||||||xx |||||||||||||| ||und||
020 _a9780007503759
040 _cGE_BSU
080 _a821.111-32
100 _aBloome,Indigo.
245 _aDestined to Feel.
245 3 _bAn Avalon Novel.
260 _aLondon.
260 _bHarper.
260 _c2012
300 _a323p;18cm.
653 _aDestined to Feel.An Avalon Novel.
942 _cBK
999 _c46065
_d46065